Saluti dalle seychelles ossia una gonnella per il Quirinale /

Salvato in:
Dettagli Bibliografici
Autore principale: Scimonelli, Vincenzo (Autore)
Natura: Libro
Lingua:italiano
Pubblicazione: palermo : Arcigay, 1999
Tags: Aggiungi Tag
Nessun Tag, puoi essere il primo ad aggiungerne!!

MARC

LEADER 00000nam a22000007i 4500
001 IT\ICCU\UBO\3559842
003 ItRI
005 20260115232357.0
008 090123s1999 it |||||| ||||| |||||c
040 |b ita  |c importazione bologna sebina 
041 7 |a ita  |2 ISO-639-2 
100 1 |a Scimonelli, Vincenzo  |0 IT\ICCU\BVEV\067056  |4 aut 
245 1 0 |a Saluti dalle seychelles ossia una gonnella per il Quirinale /  |c Vincenzo Scimonelli. 
260 |a palermo :  |b Arcigay,  |c 1999 
300 |a 15 p. ;  |c 24 cm. 
942 |2 ddc  |c BK  |n 0 
952 |0 0  |1 0  |4 0  |6 DOC_306_766000000000000_SCI  |7 0  |9 25068  |a BO  |b BO  |d 2026-01-15  |i 5293  |l 0  |o DOC 306.766 SCI  |p BO5293  |r 2026-01-15 23:23:57  |w 2026-01-15  |x [Sebina 5] [1 v.]  |y BK  |z 1 v. 
999 |c 21303  |d 21303